00462 a2200169 450000100060000002000180000604000240002410000330004824000230008124500180010430000060012236200090012865000240013794200070016195201070016899900170027546474 a9788588159990 cAnchieta - Aquarius aAtzingen, Maria Cristina Von10aA menina feialpor10aA menina feia a 0 a2008 4aLiteratura infantil cBK 00104070a87.1b87.1d2023-11-21l0oLI 028.5 ATZ MENp4337/AQUr2023-11-21 15:13:00w2023-11-21yBK c46474d46474